000 00433nam a2200181Ia 4500
005 20240823033812.0
008 240823s9999||||xx |||||||||||||| ||und||
041 _aENGLISH
082 _A620.44 N2
100 _aMilton Ohring
245 4 _aThe Materials Science of thin films
250 _a1st
260 _c1992
_bAcademic
500 _aTRANSFERED
650 _aThin Films
_bNano Technology
942 _cBK
999 _c196688
_d196688